| 000 | 00592nam a2200193 4500 | ||
|---|---|---|---|
| 005 | 20231128143205.0 | ||
| 010 | _aENG-138459 | ||
| 020 |
_a9789354098208 _c820.00 |
||
| 035 | _aEN-121991 | ||
| 037 | _bDBAD/PUB | ||
| 082 |
_a791.430954 _2First |
||
| 100 |
_aNag, Amitava _959126 |
||
| 245 |
_a75 Years 75 Films/ _cBy Amitava Nag |
||
| 250 | _aFirst | ||
| 260 |
_aNew Delhi _bThe Director General Publication Divisions _c2023 |
||
| 270 |
_aSoochna Bhawan, CGO Complex, Lodhi Road _bNew Delhi _e110003 |
||
| 300 |
_a240p. _c28cm(pbk) |
||
| 942 |
_2ddc _cEN _h791.430954 _mYEA |
||
| 999 |
_c199266 _d199266 |
||